000 00627nam a22001697a 4500
003 MACL
005 20160113151924.0
008 160113b xxu||||| |||| 00| 0 eng d
040 _cMACL
041 _aHindi
082 _a001
100 _aटी एस जैन एंव वर्मा
_931857
245 _aमध्‍य प्रदेश पी एस सी प्रारम्भिक परीक्षा सामान्‍य अध्‍ययन
260 _aआगरा
_bउपकार प्रकाशन
_c2014
650 _aसामान्‍य ज्ञान
_9328
942 _2ddc
_cHIN
999 _c52160
_d52160